<?xml version="1.0" encoding="UTF-8"?>
<record
    xmlns:xsi="http://www.w3.org/2001/XMLSchema-instance"
    xsi:schemaLocation="http://www.loc.gov/MARC21/slim http://www.loc.gov/standards/marcxml/schema/MARC21slim.xsd"
    xmlns="http://www.loc.gov/MARC21/slim">

  <leader>01049nam a2200193 i 4500</leader>
  <controlfield tag="001">160696</controlfield>
  <controlfield tag="003">ES-MaACL</controlfield>
  <controlfield tag="005">20230906212117.0</controlfield>
  <controlfield tag="008">020627m18941895fr           |||| | fre d</controlfield>
  <datafield tag="040" ind1=" " ind2=" ">
    <subfield code="a">CCPB | B </subfield>
    <subfield code="b">spa </subfield>
    <subfield code="c">CCPB | B</subfield>
  </datafield>
  <datafield tag="100" ind1="1" ind2=" ">
    <subfield code="a">Niewenglowski, B.</subfield>
    <subfield code="9">217367</subfield>
  </datafield>
  <datafield tag="245" ind1="1" ind2="0">
    <subfield code="a">Cours de g&#xE9;om&#xE9;trie analytique </subfield>
    <subfield code="b">: a l'usage des &#xC9;leves de la Classe de Math&#xE9;matiques sp&#xE9;ciales des Candidats aux &#xC9;coles du Gouvernement / </subfield>
    <subfield code="c">par B. Niewenglowski.</subfield>
  </datafield>
  <datafield tag="260" ind1=" " ind2=" ">
    <subfield code="a">Paris : </subfield>
    <subfield code="b">Gauthier-Villars et flis, </subfield>
    <subfield code="c">1894-1895.</subfield>
  </datafield>
  <datafield tag="300" ind1=" " ind2=" ">
    <subfield code="a">2 v. ; </subfield>
    <subfield code="c">24 cm.</subfield>
  </datafield>
  <datafield tag="505" ind1="8" ind2=" ">
    <subfield code="a">Contiene: T. I. Sections coniques. -- T. II. Construction des courbes planes. Compl&#xE9;ments relatifs aux coniques</subfield>
  </datafield>
  <datafield tag="650" ind1=" " ind2="4">
    <subfield code="a">Geometr&#xED;a anal&#xED;tica.</subfield>
    <subfield code="9">13100</subfield>
  </datafield>
  <datafield tag="852" ind1=" " ind2=" ">
    <subfield code="a">ES-MaACL</subfield>
    <subfield code="j">F-1467 </subfield>
    <subfield code="z">-- Enc. pasta espa&#xF1;ola deteriorada </subfield>
    <subfield code="q">-- S&#xF3;lo el t.III</subfield>
    <subfield code="x">-- Edic.: 3 v. -- T.III, 1896 (572 p.) -- El t.III: G&#xE9;om&#xE9;trie dans l'espace avec une note sur les transformations en g&#xE9;ometrie par Emile Borel -- Corregir el ed.: Gauthier-Villars et fils imprimeurs-libraires</subfield>
  </datafield>
  <datafield tag="999" ind1=" " ind2=" ">
    <subfield code="c">160696</subfield>
    <subfield code="d">160696</subfield>
  </datafield>
  <datafield tag="952" ind1=" " ind2=" ">
    <subfield code="0">0</subfield>
    <subfield code="1">0</subfield>
    <subfield code="4">0</subfield>
    <subfield code="7">0</subfield>
    <subfield code="8">LIBXIX</subfield>
    <subfield code="a">ATENEOM</subfield>
    <subfield code="b">ATENEOM</subfield>
    <subfield code="c">DEPO2</subfield>
    <subfield code="d">2008-01-17</subfield>
    <subfield code="e">SSC</subfield>
    <subfield code="l">0</subfield>
    <subfield code="o">F-1467</subfield>
    <subfield code="p">1168277</subfield>
    <subfield code="r">2023-02-23 00:00:00</subfield>
    <subfield code="w">2023-02-23</subfield>
    <subfield code="y">MONANT</subfield>
  </datafield>
</record>
